100 suosituinta naisten nimeä alkukirjaimella P - Statistics

Yleistilastot
  • Tätä visaa on pelattu 149 kertaa
  • Keskiarvotulos 30 / 100
Vastaustilastot
% Oikein
Pi
100%
Paola
98%
Paula
98%
Pinja
88%
Pia
87%
Piia
87%
Piija
87%
Pauliina
86%
Paulina
86%
Pauline
86%
Pii
85%
Pirjo
85%
Pirkko
80%
Päivi
72%
Pihla
71%
Peppi
70%
Petra
70%
Pilvi
69%
Pirita
63%
Piritta
63%
Päivikki
60%
Pälvi
48%
Peppiina
48%
Peppina
48%
Pulmu
43%
Petriina
41%
Petrina
41%
Pipsa
38%
Pirjo-Liisa
38%
Pirkko-Liisa
37%
Pamela
36%
Penni
36%
Penny
36%
Pia-Maria
35%
Pipa
33%
Pippa
33%
Pirjo-Leena
31%
Patrizia
29%
Pia-Liisa
29%
Patricia
28%
Pirja
27%
Pella
24%
Pirre
24%
Petronella
22%
Pirjo-Riitta
22%
Piitu
21%
Pirketta
21%
Polina
21%
Pernilla
20%
Pirke
20%
Pepita
19%
Pieta
17%
Pike
16%
Pioni
16%
Pirta
16%
Pricilla
16%
Priscilla
16%
Prisilla
16%
Päivyt
15%
Peppi-Lotta
15%
Pirjetta
15%
Penelope
14%
Paloma
12%
Piita
12%
Piret
10%
Poppy
10%
Priita
10%
Priitta
10%
Paju
9%
Piela
9%
Pami
8%
Papu
7%
Perla
7%
Pian
7%
Piiu
7%
Pikka
7%
Peggy
6%
Phoebe
6%
Pihka
6%
Pille
6%
Princess
5%
Prisca
5%
Priska
5%
Pyry
5%
Piipa
3%
Priya
3%
Puro
3%
Parisa
2%
Philippa
2%
Patience
1%
Paw
1%
Piiku
1%
Pirpa
1%
Priyanka
1%
Parvin
0%
Phuong
0%
Piatta
0%
Pinar
0%
Precious
0%
Prisha
0%
Ehtoja vastaavia visoja ei löytynyt
Tulosjakauma
Jokaisen tuloksen saaneiden osuus
Persentiili vastausten määrän mukaan
Tuloshistoriasi
Et ole pelannut tätä visaa